Nouvelles orientales

Enregistré dans:
Détails bibliographiques
Auteur principal: Yourcenar, Marguerite
Format: Livre
Langue:Undetermined
Publié: París, Francia Gallimard 1963
Sujets:
Tags: Ajouter un tag
Pas de tags, Soyez le premier à ajouter un tag!

MARC

LEADER 00000nam a2200000Ia 4500
008 170316s9999 xx 000 0 und d
040 |a cru BVZT 
090 |a 840 Y-1n 
100 |a Yourcenar, Marguerite 
245 |a Nouvelles orientales 
260 |a París, Francia 
260 |b Gallimard 
260 |c 1963 
300 |a 169 páginas 
650 |a LITERATURA FRANCESA 
650 |a EN IDIOMA FRANCÉS 
650 |a NOVELAS ORIENTALES 
999 |c 8074  |d 8074 
942 |c 15 D  |h 840 Y-1n  |2 z